| 000 | 01179nam a2200301 4500 | ||
|---|---|---|---|
| 003 | EC-UNACH | ||
| 005 | 20251205123859.0 | ||
| 006 | s||||gr|||| 00| 00 | ||
| 008 | 150116t9999 mx r gr 000 0 spa d | ||
| 020 | _a978-9942-10-284-3 | ||
| 040 |
_aEC-UNACH _cEC-UNACH |
||
| 041 | _aspa | ||
| 082 | 0 | 4 |
_223 _a348.04 _bL018432 |
| 110 | _aCorporación de estudios y publicaciones | ||
| 245 | _aLitigación oral civil la contienda adversarial trasplante y prueba testimonial | ||
| 250 | _aPrimera edición | ||
| 264 |
_aEcuador _bCorporación de estudios y publicaciones _c2016 |
||
| 300 | _a138 | ||
| 505 | _aCapitulo 1- El sistema oral adversarial y la relación con el ecuador Capitulo 2- Los elementos básicos de la practica de prueba testimonial civil adversarial Capitulo 3- La prueba testimonial oral adversarial en el sistema jurídico ecuatoriano - Bibliografía - Anexo | ||
| 650 | _aTRASNPLANTE JURIDICO | ||
| 650 | _aEL JUEZ EXCESIVAMENTE NEUTRAL | ||
| 650 | _aINTERROGATORIO | ||
| 700 | _aDiego Yépez Garcés | ||
| 942 |
_2ddc _c1 |
||
| 999 | _c14259 | ||